| 000 | 01001cad a22001935a 4500 | ||
|---|---|---|---|
| 001 | L157569 | ||
| 008 | 130122s2012 xxk 000 0 eng d | ||
| 035 | _a(Sirsi) u157569 | ||
| 041 | 0 | _aeng | |
| 110 | 2 |
_aCushman & Wakefield _95888 |
|
| 245 | 0 | 0 |
_aGlobal office forecast 2013-14 _h[electronic resource] |
| 260 |
_aLondon _bCushman & Wakefield _c2012 |
||
| 520 | _aProvides a forecast for the global office market in 2013. Predicts that the market will stablise with slow growth being the norm in 2013. Whilst some regions will experience increased activity later in the year, most locations are not expected to see much growth until 2014. Ranks areas of growth within the Americas, Asia Pacific and Europe. | ||
| 590 | _aKA | ||
| 651 | 4 | _aInternational | |
| 690 |
_aCommercial property _96227 |
||
| 856 | 4 | 0 |
_uhttps://www.cushwake.com/cwglobal/jsp/kcReportDetail.jsp?Country=GLOBAL&Language=EN&catId=100003&pId=c46100003p _zView the report after free registration at www.cushwake.com |
| 942 | _n0 | ||
| 999 |
_c84414 _d84414 |
||